| 000 | 01615nam a2200457 i 4500 | ||
|---|---|---|---|
| 001 | xx005917171 | ||
| 003 | NUKAT | ||
| 005 | 20260407141850.0 | ||
| 008 | 260407s2023 pl a |000 0bpol c | ||
| 020 |
_a9788396189738 _q(oprawa miękka) |
||
| 035 | _a(NUKAT)xx005917171 | ||
| 040 |
_aOLSZT 008/bak _bpol _erda _cOLSZT 008/bak |
||
| 045 | 2 |
_bd1906 _bd1985 |
|
| 046 | _k2023 | ||
| 100 | 1 |
_aMarczyński, Dariusz. _eAutor _939556 |
|
| 245 | 1 | 0 |
_aBronisław : _bnaczelnik Wydziału Oświaty Rolniczej w Olsztynie / _cDariusz Marczyński. |
| 260 |
_aOlsztyn : _beRZet Studio Reklamy, _c2023. |
||
| 300 |
_a240 stron : _bilustracje ; _c23 cm. |
||
| 336 |
_aTekst _btxt _2rdacontent |
||
| 337 |
_aBez urządzenia pośredniczącego _bn _2rdamedia |
||
| 338 |
_aWolumin _bnc _2rdacarrier |
||
| 380 | _aKsiążki | ||
| 380 | _aLiteratura faktu, eseje, publicystyka | ||
| 386 |
_mPrzynależność kulturowa _aLiteratura polska |
||
| 388 | 1 | _a2001- | |
| 500 | _aRok wydania na podstawie serwisu e-ISBN. | ||
| 600 | 1 | 7 |
_aMarczyński, Bronisław _2DBN _939555 |
| 648 | 7 |
_a1901-2000 _2DBN _934996 |
|
| 650 | 7 |
_aOświata _2DBN _939557 |
|
| 650 | 7 |
_aRodzina _2DBN _936921 |
|
| 650 | 7 |
_aRolnictwo _2DBN _936268 |
|
| 651 | 7 |
_aOlsztyn (woj. warmińsko-mazurskie) _2DBN _935996 |
|
| 655 | 7 |
_aBiografia _2DBN _935059 |
|
| 655 | 7 |
_aPamiętniki i wspomnienia _2DBN _935005 |
|
| 658 | _aEdukacja i pedagogika | ||
| 658 | _aHistoria | ||
| 658 | _aRolnictwo i leśnictwo | ||
| 710 | 2 |
_aStudio Reklamy Erzet Jolanta Czapla. _eDruk _eWydawca _4prt _4pbl _939554 |
|
| 920 | _a978-83-961897-3-8 (oprawa miękka) | ||
| 942 |
_2ddc _cBK_NM |
||
| 999 |
_c27449 _d27449 |
||